The spiritual Europe of the italian liberalism
Elmentve itt :
| Szerző: | |
|---|---|
| Testületi szerző: | |
| Dokumentumtípus: | Könyv része |
| Megjelent: |
1999
|
| Sorozat: | Ész, élet, egzisztencia
Európai integráció - európai filozófia : [nemzetközi konferencia, Szeged, 1998 szept. 17-18.] |
| Kulcsszavak: | Liberalizmus - olasz |
| Tárgyszavak: | |
| Online Access: | http://acta.bibl.u-szeged.hu/9503 |
| LEADER | 00883naa a2200229 i 4500 | ||
|---|---|---|---|
| 001 | acta9503 | ||
| 005 | 20211216113408.0 | ||
| 008 | 161015s1999 hu o 0|| eng d | ||
| 022 | |a 0866-028X | ||
| 040 | |a SZTE Egyetemi Kiadványok Repozitórium |b hun | ||
| 041 | |a eng | ||
| 100 | 1 | |a Kaposi Márton | |
| 245 | 1 | 4 | |a The spiritual Europe of the italian liberalism |h [elektronikus dokumentum] / |c Kaposi Márton |
| 260 | |c 1999 | ||
| 300 | |a 294-305 | ||
| 490 | 0 | |a Ész, élet, egzisztencia | |
| 490 | 0 | |a Európai integráció - európai filozófia : [nemzetközi konferencia, Szeged, 1998 szept. 17-18.] | |
| 650 | 4 | |a Bölcsészettudományok | |
| 650 | 4 | |a Filozófia, etika és vallástudományok | |
| 695 | |a Liberalizmus - olasz | ||
| 710 | |a Európai integráció - európai filozófia (1998) (Szeged) | ||
| 856 | 4 | 0 | |u http://acta.bibl.u-szeged.hu/9503/1/esz_006_294-305.pdf |z Dokumentum-elérés |